Statistiques concernant Personnages Clan Nara ( Naruto / Boruto )

Cliquez ici pour prendre le quiz!

Statistiques générales

  • Ce quiz a été pris 24 fois
  • Le résultat moyen est 3 sur 10

Statistiques - réponses

Réponse% Correct
Shikamaru
100%
Shikadai
95%
Shikaku
85%
Yoshino
15%
Maen
5%
Daen
0%
Enchu
0%
Ensui
0%
Kasuga
0%
Suzaku
0%

Distribution des résultats

Percentile par nombre de réponses

% des personnes avec chaque résultat

Votre développement - résultats

Vous n’avez pas pris ce quiz